E-learning for project management (Record no. 73124)
[ view plain ]
| 000 -LEADER | |
|---|---|
| fixed length control field | 01219cam a2200253 4500 |
| 001 - CONTROL NUMBER | |
| control field | ABS66922 |
| 008 - FIXED-LENGTH DATA ELEMENTS--GENERAL INFORMATION | |
| fixed length control field | 030729n2003 000 0 eng u |
| 035 ## - SYSTEM CONTROL NUMBER | |
| System control number | (Sirsi) u123140 |
| 100 ## - MAIN ENTRY--PERSONAL NAME | |
| Personal name | Ellis, R. |
| 245 ## - TITLE STATEMENT | |
| Title | E-learning for project management |
| 260 ## - PUBLICATION, DISTRIBUTION, ETC. | |
| Date of publication, distribution, etc. | 2003 |
| 490 ## - SERIES STATEMENT | |
| Series statement | Civil Engineering |
| Volume/sequential designation | 156(12804) August 2003, 137-141(5) |
| 520 ## - SUMMARY, ETC. | |
| Summary, etc. | Examines the reasons for the apparent reluctance of civil engineers and other construction professionals to use computer-aided learning on distance-learning programmes and reports on the evaluation of a project management CD-ROM. Concludes that e-learning can be as effective as traditional distance learning and face-to-face teaching, but is best suited to the development of hard, technically oriented project management skills rather than soft interpersonal skills. Figures, table and references. [Taken from journal headnote]. |
| 590 ## - LOCAL NOTE (RLIN) | |
| Local note | ABS |
| 650 ## - SUBJECT ADDED ENTRY--TOPICAL TERM | |
| Topical term or geographic name entry element | CONSTRUCTION PROFESSIONALS |
| 650 ## - SUBJECT ADDED ENTRY--TOPICAL TERM | |
| Topical term or geographic name entry element | EDUCATION AND TRAINING |
| 650 ## - SUBJECT ADDED ENTRY--TOPICAL TERM | |
| Topical term or geographic name entry element | DISTANCE LEARNING |
| 650 ## - SUBJECT ADDED ENTRY--TOPICAL TERM | |
| Topical term or geographic name entry element | E-LEARNING |
| 650 ## - SUBJECT ADDED ENTRY--TOPICAL TERM | |
| Topical term or geographic name entry element | MANAGEMENT-BUSINESS MANAGEMENT-INFORMATION MANAGEMENT |
| 690 ## - LOCAL SUBJECT ADDED ENTRY--TOPICAL TERM (OCLC, RLIN) | |
| Topical term or geographic name as entry element | Project management |
| 9 (RLIN) | 6261 |
| 700 ## - ADDED ENTRY--PERSONAL NAME | |
| Personal name | Thorpe, T. |
| 700 ## - ADDED ENTRY--PERSONAL NAME | |
| Personal name | Wood, G. |
| 942 ## - ADDED ENTRY ELEMENTS (KOHA) | |
| Suppress in OPAC | 0 |
| Withdrawn status | Lost status | Source of classification or shelving scheme | Damaged status | Not for loan | Home library | Current library | Shelving location | Date acquired | Total Checkouts | Full call number | Barcode | Date last seen | Copy number | Price effective from | Koha item type |
|---|---|---|---|---|---|---|---|---|---|---|---|---|---|---|---|
| Dewey Decimal Classification | London | London | Journal article | 29/07/2003 | ABS66922 | 123140-1001 | 06/08/2019 | 1 | 06/08/2019 | Journal article |